000 00363nam a2200157Ia 4500
008 221030s9999 xx 000 0 und d
020 _a8180546297
041 _aEnglish
082 _a105.23
100 _aS. P. Gupta
245 0 _aStatistical Methods
260 _bSultan chand & Sons
_aNew Delhi
_c2009
300 _a1468
650 _aComputers
942 _cBK
999 _c6167
_d6167